000 00288nam a2200109Ia 4500
008 220204s9999 xx 000 0 und d
082 _a929 A/z (FIS)
_bBOX
100 _aBox, Joan Fisher
245 0 _aR A Fisher: The life of a scientist
260 _aLondon
_bJohn Wiley
_c1978
942 _cBK
999 _c29860
_d29860